La responsabilidad del Estado en emergencia (Registro nro. 16761)

Detalles MARC
000 -LEADER
fixed length control field 00328 a2200109 4500
001 - CONTROL NUMBER
control field ART_17083
005 - DATE AND TIME OF LATEST TRANSACTION
control field 20260410161719.0
008 - FIXED-LENGTH DATA ELEMENTS--GENERAL INFORMATION
fixed length control field 260409a
100 1# - MAIN ENTRY--PERSONAL NAME
Personal name Toricelli, Maximiliano
245 10 - TITLE STATEMENT
Title La responsabilidad del Estado en emergencia
773 0# - HOST ITEM ENTRY
Title Derecho administrativo
Related parts - Nº 85 (feb. 2013)
Record control number REV1721

No hay ítems disponibles.